000 00653nam a2200241Ia 4500
005 20260430150615.0
008 008 250103s9999 xx 000 0 eng d
037 _aTheses
040 _aCRL
040 _beng
040 _ceng
041 _2eng
041 _aeng
084 _qCRL
100 _aYadav Anjali Au.; Suman Gu.
_91237989
245 0 _aAssessing the Impact of Legitimization on the Rights of the Street Vendors with Special Reference to Varanasi
260 _c2023
300 _a307p.
650 _aLaw
700 _aUniversity of Delhi. Faculty of Law. Deptt. of Law
_91236414
942 _cTH
999 _c1850196
_d1850196